000
00201 a2200097 4500
001
9023
100
_a
Gowers, S E
245
_a
The complete plain words.
260
_a
_b
H M S
_c
090
_c
7207
_d
7207
942
_a
NUST-CAE
_c
M
_c
33831
999
_c
244096
_d
244096